Caravaggio : painter of miracles

Αποθηκεύτηκε σε:
Λεπτομέρειες βιβλιογραφικής εγγραφής
Κύριος συγγραφέας: Prose, Francine, 1947-
Μορφή: Βιβλίο
Γλώσσα:English
Δημοσίευση: New York : Atlas Books, c2005.
Σειρά:Eminent lives
Θέματα:
Ετικέτες: Προσθήκη ετικέτας
Δεν υπάρχουν, Καταχωρήστε ετικέτα πρώτοι!

MARC

LEADER 00000cam a2200000 i 4500
001 1/63157
008 071115s2005 nyu| ||| |||| ||eng||
020 |a 0060575603 
020 |a 9780060575601 
035 |l 10092321 
040 |a GR-MyUa  |b gre  |e AACR2 
041 0 |a eng 
082 7 |a 700.92   |2 (22) 
100 1 |a Prose, Francine,   |d 1947- 
245 1 0 |a Caravaggio :   |b painter of miracles /   |c Francine Prose.  
260 |a New York :   |b Atlas Books,   |c c2005.  
300 |a 149 σ. :   |b εικ. ;   |c 19 εκ. 
490 1 |a (Eminent lives) 
504 |a Βιβλιογραφία: σ. 147-148 
600 1 0 |a Caravaggio, Michelangelo Merisi da,   |d 1573-1610. 
650 0 |a Painters  |z Italy  |x Biography. 
830 0 |a Eminent lives 
852 |a INST  |b SYROS  |e 20071115  |h 700.92 CAR  |p 005500006942  |q 005500006942  |t BK  |y 0 
901 |a BIBL5-2007-3 
922 |a 5ΕΛΗ  |b 200710  |c ΕΠΕΑΕΚ2/ΤΜΣΠΣ  |d Παπασωτηρίου 
970 |a Κοντού  |b Παρασκευή  |z 15/11/2007